| 000 | 00836nam a22002297a 4500 | ||
|---|---|---|---|
| 999 |
_c8176 _d8176 |
||
| 003 | AR-CdUCM | ||
| 008 | 190322b ||||| |||| 00| 0 spa d | ||
| 040 |
_aMUNICIPALIDAD PROVINCIAL DEL CUSCO _cBIBLIOTECA MUNICIPAL DEL CUSCO |
||
| 041 | _heng | ||
| 082 |
_a697.931 / _bG79 |
||
| 100 |
_aGratwick, R. T. _923060 |
||
| 245 | _aLa humedad en la construcción, sus causas y remedios / | ||
| 260 |
_aBarcelona : _bTécnicos Asociados, _c1971. |
||
| 300 |
_a334 páginas ; _bIlustraciones, _c25 cm. |
||
| 500 | _aTitulo original: Dampness in buildings. | ||
| 505 | _aCondiciones en los sótanos y en las plantas bajas -- Condensaciones y penetraciones de subida ... | ||
| 650 |
_aHumedad en los edificios _923061 |
||
| 650 |
_aConstrucciones _913639 |
||
| 700 |
_aLuque Maldonado, Rafael _923062 |
||
| 942 |
_2ddc _cLIBROS |
||
| 945 | _aacv | ||